书目信息 |
| 题名: |
历史概论
|
|
| 作者: | 赫勒敦 著 ;陈克礼 译 | |
| 分册: | ||
| 出版信息: | 北京 华文出版社 2017 |
|
| 页数: | 410页 | |
| 开本: | 23cm | |
| 丛书名: | ||
| 单 册: | ||
| 中图分类: | K372.0 | |
| 科图分类: | ||
| 主题词: | 历史--中东 | |
| 电子资源: | ||
| ISBN: | 978-7-5075-4723-8 | |
| 000 | 01264nam0 2200253 450 | |
| 001 | 3539 | |
| 005 | 20180527164423.74 | |
| 010 | @a978-7-5075-4723-8@dCNY58.00 | |
| 100 | @a20171116d2017 em y0chiy50 ea | |
| 101 | 1 | @achi@cara |
| 102 | @aCN@b110000 | |
| 105 | @ay z 000yy | |
| 200 | 1 | @a历史概论@9li shi gai lun@f(突尼斯)伊本·赫勒敦著@g陈克礼译 |
| 210 | @a北京@c华文出版社@d2017 | |
| 215 | @a410页@d23cm | |
| 314 | @a伊本·赫勒敦 (1332-1406),中世纪阿拉伯哲学家、历史学家、政治活动家。本名阿卜杜·拉赫曼·本·默罕默德。生于突尼斯,系塞维利亚阿拉伯贵族后裔。现存的历史哲学巨著是《阿拉伯人、波斯人和柏柏尔人的历史》。 | |
| 314 | @a陈克礼 (1923-1970),中国伊斯兰教学者、译著家。1952-1957年,先后在北京大学东方语言文学系和中国伊斯兰教经学院任教。译著较多,约30余种,主要有《从看伊斯兰教》《圣训经》等。 | |
| 330 | @a本书以翔实的史料察古今之变,究治乱之理,从哲学高度论述中东阿拉伯地区国家和民族史及其发展规律,阐发了哲学和历史观,帮助我们进一步了解阿拉伯民族文化的特点和阿拉伯人的思维方式,特别是了解阿拉伯民族许多内在的心理情愫。 | |
| 606 | 0 | @a历史@y中东 |
| 690 | @aK372.0@v5 | |
| 701 | 0 | @c(突尼斯)@a赫勒敦@9he le dun@f(1332-1406)@4著 |
| 702 | 0 | @a陈克礼@9chen ke li@f(1923-1970)@4译 |
| 801 | 0 | @aCN@b91MARC@c20171116 |
| 905 | @aMuseLib@dK372.0@e8 | |
| 历史概论/(突尼斯)伊本·赫勒敦著/陈克礼译.-北京:华文出版社,2017 |
| 410页;23cm |
| ISBN 978-7-5075-4723-8:CNY58.00 |
| 本书以翔实的史料察古今之变,究治乱之理,从哲学高度论述中东阿拉伯地区国家和民族史及其发展规律,阐发了哲学和历史观,帮助我们进一步了解阿拉伯民族文化的特点和阿拉伯人的思维方式,特别是了解阿拉伯民族许多内在的心理情愫。 |
| ● |
| 相关链接 |
|
|
|
|
正题名:历史概论
索取号:K372.0/8
 
预约/预借
| 序号 | 登录号 | 条形码 | 馆藏地/架位号 | 状态 | 备注 |
| 1 | 1109604 | 211096044 | 第二样本阅览室/ [索取号:K372.0/8] | 在馆 | |
| 2 | 1109605 | 211096053 | 教育系资料室/ [索取号:K372.0/8] | 在馆 | |
| 3 | 1109606 | 211096062 | 教育系资料室/ [索取号:K372.0/8] | 在馆 | |
| 4 | 1109607 | 211096071 | 第二借阅区/ [索取号:K372.0/8] | 在馆 |